000
00316 a2200109 4500
001
ART_12057
005
20260410161902.0
008
260409a
245
1
0
_a
A tax programming model
100
1
_a
Yitzhaki, Shlomo
773
0
_t
Journal of public economics
_g
- Vol. 19, NÂș 1 (oct. 1982)
_w
REV11485
999
_c
26026
_d
26026